History of functional analysis
Αποθηκεύτηκε σε:
| Κύριος συγγραφέας: | |
|---|---|
| Μορφή: | Βιβλίο |
| Γλώσσα: | English |
| Δημοσίευση: |
Amsterdam ; New York : New York :
North-Holland Pub. Co. ; , sole distributors for the U.S.A. and Canada, Elsevier North-Holland,
1981
|
| Σειρά: | North-Holland mathematics studies ;
; 49 Notas de matematica (Rio de Janeiro, Brazil) ; 77 |
| Θέματα: | |
| Ετικέτες: |
Προσθήκη ετικέτας
Δεν υπάρχουν, Καταχωρήστε ετικέτα πρώτοι!
|
MARC
| LEADER | 00000cam a2200000 i 4500 | ||
|---|---|---|---|
| 001 | 1/33369 | ||
| 008 | 941103s1981 eng d | ||
| 020 | |a 0444861483 | ||
| 035 | |l 10039350 | ||
| 035 | |a 1988 | ||
| 040 | |a GR-MY-UA |b gre |e aacr | ||
| 041 | 0 | |a eng | |
| 082 | 0 | |a 515.709 | |
| 100 | 1 | |a Dieudonne, Jean Alexandre |d 1906- | |
| 245 | 1 | 0 | |a History of functional analysis / |c Jean Dieudonne |
| 260 | |a Amsterdam ; New York : |a New York : |b North-Holland Pub. Co. ; , |b sole distributors for the U.S.A. and Canada, Elsevier North-Holland, |c 1981 | ||
| 300 | |a vi, 312 p.; |c 24 cm. | ||
| 490 | 1 | |a North-Holland mathematics studies |v ; 49 | |
| 490 | 1 | |a Notas de matematica (Rio de Janeiro, Brazil) |v ; 77 | |
| 500 | |a Bibliography: p. 280-298 | ||
| 500 | |a Includes indexes | ||
| 650 | 0 | 0 | |a Functional analysis |x History. |
| 830 | 0 | |a North-Holland mathematics studies ; |v ; 49 | |
| 830 | 0 | |a Notas de matematica (Rio de Janeiro, Brazil) |v ; 77 | |
| 852 | |a INST |b SAMOS |e 19941103 |h 515.709 DIE |p 005300001353 |q 005300001353 |t BK |y 0 | ||
| 909 | |a Σ |b 009370 | ||